Cheapest Countries to Buy a Big Mac - Statistics

General Stats
  • This quiz has been taken 94 times
  • The average score is 6 of 15
Answer Stats
Rank Cost (USD) Country % Correct
5 2.39 India
80%
4 2.34 Indonesia
67%
14 2.95 Vietnam
61%
7 2.45 Malaysia
58%
6 2.43 Egypt
54%
11 2.75 Philippines
54%
3 2.34 South Africa
53%
10 2.68 Turkey
48%
13 2.83 Japan
46%
8 2.51 Taiwan
42%
2 2.28 Romania
26%
1 1.76 Venezuela
22%
15 3.11 Moldova
15%
9 2.65 Hungary
11%
12 2.77 Azerbaijan
6%
No matching quizzes found
Score Distribution
Percent of People with Each Score
Percentile by Number Answered
Your Score History
You have not taken this quiz